Návrh optimalizácie riadenia skladového hospodárstva v podniku HB STEEL, s.r.o.
Gespeichert in:
| 1. Verfasser: | |
|---|---|
| Weitere Verfasser: | |
| Format: | Manuskript Buch |
| Sprache: | Slowakisch |
| Veröffentlicht: |
2019
|
| Schlagworte: | |
| Online-Zugang: | http://is.stuba.sk/zp/portal_zp.pl?podrobnosti=134497 |
| Tags: |
Keine Tags, Fügen Sie das erste Tag hinzu!
|
MARC
| LEADER | 00000ntm a22000003a 4500 | ||
|---|---|---|---|
| 001 | stuzp72881 | ||
| 003 | SK-STU | ||
| 005 | 20190629210943.8 | ||
| 007 | ta | ||
| 008 | 150427s2015----xo-----f-mn---000-0-slo-d | ||
| 040 | |a STU |b slo | ||
| 041 | 0 | |a slo | |
| 100 | 1 | |a Kováčová, Katarína |u 064000 |4 aut |U MTF Materiálovotechnologická fakulta |T MTF Ústav priemyselného inžinierstva a manažmentu |X 85608 |U M4000 |Y 84 |7 85608 | |
| 242 | 0 | 1 | |a Proposal to optimize warehouse management at company HB STEEL, s.r.o. |y eng |
| 245 | 1 | 0 | |a Návrh optimalizácie riadenia skladového hospodárstva v podniku HB STEEL, s.r.o. |
| 260 | |c 2019 | ||
| 650 | 4 | |a logistika |2 slo | |
| 650 | 4 | |a nákup |2 slo | |
| 650 | 4 | |a riadenie zásob |2 slo | |
| 650 | 4 | |a skladovanie |2 slo | |
| 650 | 4 | |a logistics |2 eng | |
| 650 | 4 | |a purchasing |2 eng | |
| 650 | 4 | |a inventory managment |2 eng | |
| 650 | 4 | |a warehousing |2 eng | |
| 700 | 1 | |a Baran, Dušan |u 064000 |k Z8 |4 ths |U MTF Materiálovotechnologická fakulta |T MTF Ústav priemyselného inžinierstva a manažmentu |X 1021 |U M4000 |Y 84 |7 A000001021 | |
| 856 | 4 | |u http://is.stuba.sk/zp/portal_zp.pl?podrobnosti=134497 | |
| 996 | |c M* BP-8550 |l MMSKP |s P |a 0 |w stuzp72881_0001 | ||